[Event "ISL-chT Kvika 2223"]
[Site "Reykjavik"]
[Date "2023.03.18"]
[Round "9.3"]
[White "Ragnarsson, Dagur"]
[Black "Sulypa, Oleksandr"]
[Result "1/2-1/2"]
[WhiteElo "2353"]
[BlackElo "2459"]
[PlyCount "32"]
[EventDate "2022.10.13"]
[EventType "team-tourn"]
[EventRounds "10"]
[EventCountry "ISL"]
[SourceTitle "CBM 213 Extra"]
[Source "ChessBase"]
[SourceDate "2023.05.31"]
[SourceVersion "1"]
[SourceVersionDate "2023.05.31"]
[SourceQuality "1"]
[WhiteTeam "Skakdeild Fjolnis"]
[BlackTeam "Taflfelag Reykjavikur"]
[WhiteTeamCountry "ISL"]
[BlackTeamCountry "ISL"]

1. d4 Nf6 2. c4 e6 3. Nc3 Bb4 4. Bd2 0-0 5. e3 d5 6. Nf3 c5 7. a3 Bxc3 8. Bxc3 cxd4 9. Bxd4 Nc6 10. cxd5 Nxd4 11. Qxd4 Qxd5 12. Qxd5 Nxd5 13. Bc4 Nb6 14. Bb3 Bd7 15. Ne5 Ba4 16. Bxa4 Nxa4 1/2-1/2

[Event "ISL-chT Kvika 2223"]
[Site "Reykjavik"]
[Date "2023.03.18"]
[Round "8.2"]
[White "Sulypa, Oleksandr"]
[Black "Stefansson, Hannes"]
[Result "0-1"]
[WhiteElo "2459"]
[BlackElo "2510"]
[PlyCount "68"]
[EventDate "2022.10.13"]
[EventType "team-tourn"]
[EventRounds "10"]
[EventCountry "ISL"]
[SourceTitle "CBM 213 Extra"]
[Source "ChessBase"]
[SourceDate "2023.05.31"]
[SourceVersion "1"]
[SourceVersionDate "2023.05.31"]
[SourceQuality "1"]
[WhiteTeam "Taflfelag Reykjavikur"]
[BlackTeam "Taflfelag Gardjabaejar"]
[WhiteTeamCountry "ISL"]
[BlackTeamCountry "ISL"]

1. e4 e5 2. Nf3 Nc6 3. Bb5 a6 4. Ba4 Nge7 5. c3 Ng6 6. d4 exd4 7. Nxd4 Nxd4 8. Qxd4 b5 9. Bb3 Bb7 10. 0-0 c5 11. Qd1 c4 12. Bc2 Bc5 13. Re1 0-0 14. Be3 Bxe3 15. Rxe3 Re8 16. Qd4 Nf4 17. Qd6 Qg5 18. g3 Nh3+ 19. Kg2 Re6 20. Qd2 Rh6 21. Kf1 Rf6 22. f3 Re8 23. Qe2 h5 24. Nd2 h4 25. Qe1 hxg3 26. hxg3 Rg6 27. e5 Qxg3 28. Bxg6 Qxg6 29. a4 Qh6 30. axb5 axb5 31. Ra7 Bc6 32. Ra1 Nf4 33. Qg3 Re6 34. Qf2 Rg6 0-1

[Event "EU-Cup 37th"]
[Site "Mayrhofen"]
[Date "2022.10.04"]
[Round "2.2"]
[White "Saric, Ivan"]
[Black "Sulypa, Oleksandr"]
[Result "1-0"]
[WhiteElo "2668"]
[BlackElo "2463"]
[PlyCount "113"]
[EventDate "2022.10.03"]
[EventType "team-swiss"]
[EventRounds "7"]
[EventCountry "AUT"]
[SourceTitle "CBM 210 Extra"]
[Source "ChessBase"]
[SourceDate "2022.11.30"]
[SourceVersion "1"]
[SourceVersionDate "2022.11.30"]
[SourceQuality "1"]
[WhiteTeam "Ljubljana Tajfun"]
[BlackTeam "Reykjavik"]
[WhiteTeamCountry "SLO"]
[BlackTeamCountry "ISL"]

1. e4 e5 2. Nf3 Nf6 3. d4 Nxe4 4. Bd3 d5 5. Nxe5 Nd7 6. Nc3 Nxc3 7. bxc3 Nxe5 8. dxe5 Bc5 9. 0-0 0-0 10. Rb1 Re8 11. Re1 b6 12. h3 Bd7 13. Qh5 g6 14. Qf3 Qh4 15. Be3 Bxe3 16. Rxe3 Qe7 17. Qxd5 Be6 18. Qf3 Bxa2 19. Ra1 Qe6 20. Qf4 Bd5 21. Qh6 Bc4 22. Ra4 b5 23. Bxc4 bxc4 24. Re4 Qd5 25. Rh4 Qxe5 26. Qxh7+ Kf8 27. Rhxc4 Rad8 28. Rf4 Rd1+ 29. Kh2 Qg7 30. Qxg7+ Kxg7 31. Rxa7 Re7 32. Rc4 Rd2 33. Kg3 Ree2 34. Rf4 Re7 35. Ra2 c5 36. Ra5 Rd5 37. h4 Rh5 38. Rg4 Rd5 39. c4 Rde5 40. Rg5 Rxg5+ 41. hxg5 Re5 42. f4 Re3+ 43. Kg4 Rc3 44. Rxc5 Rxc2 45. Kf3 Kf8 46. Rc7 Rd2 47. c5 Rc2 48. c6 Rc4 49. g4 Rc1 50. f5 Rc4 51. Ke3 Kg7 52. Rc8 Rc1 53. Kd4 Rd1+ 54. Kc5 Rc1+ 55. Kd6 Rd1+ 56. Kc7 Rc1 57. Rd8 1-0

[Event "UKR-chT"]
[Site "Lvov"]
[Date "2021.05.10"]
[Round "5.1"]
[White "Kovchan, Alexander"]
[Black "Sulypa, Oleksandr"]
[Result "1/2-1/2"]
[WhiteElo "2575"]
[BlackElo "2463"]
[PlyCount "56"]
[EventDate "2021.05.06"]
[EventType "team-tourn"]
[EventRounds "7"]
[EventCountry "UKR"]
[SourceTitle "EXT 2022"]
[Source "ChessBase"]
[SourceDate "2021.10.06"]
[SourceVersion "1"]
[SourceVersionDate "2021.10.06"]
[SourceQuality "1"]
[WhiteTeam "Kharkov Law Academy"]
[BlackTeam "Lvov Bank"]
[WhiteTeamCountry "UKR"]
[BlackTeamCountry "UKR"]

1. e4 e5 2. Nf3 Nf6 3. Nxe5 d6 4. Nf3 Nxe4 5. d4 d5 6. Bd3 Nc6 7. 0-0 Be7 8. c4 Nb4 9. cxd5 Nxd3 10. Qxd3 Qxd5 11. Re1 Bf5 12. g4 Bg6 13. Nc3 Nxc3 14. Qxc3 f6 15. Qxc7 Qd7 16. Bf4 Qxc7 17. Bxc7 Kd7 18. Bg3 Rac8 19. d5 Bb4 20. Re6 Rhe8 21. a3 Bf8 22. Nd4 Bf7 23. Rae1 Bc5 24. b4 Bf8 25. Kg2 g6 26. Rxe8 Rxe8 27. Rd1 Bxd5+ 28. f3 Rd8 1/2-1/2

[Event "HUN-chT 1920"]
[Site "Hungary"]
[Date "2020.03.08"]
[Round "7.2"]
[White "Sulypa, Oleksandr"]
[Black "Erdos, Viktor"]
[Result "1/2-1/2"]
[WhiteElo "2466"]
[BlackElo "2613"]
[PlyCount "25"]
[EventDate "2019.11.16"]
[EventType "team-tourn"]
[EventRounds "9"]
[EventCountry "HUN"]
[SourceTitle "CBM 195 Extra"]
[Source "ChessBase"]
[SourceDate "2020.05.31"]
[SourceVersion "1"]
[SourceVersionDate "2020.05.31"]
[SourceQuality "1"]
[WhiteTeam "Budapest MTK"]
[BlackTeam "Kobanya Aquarena"]
[WhiteTeamCountry "HUN"]
[BlackTeamCountry "HUN"]

1. d4 Nf6 2. c4 g6 3. Nf3 Bg7 4. g3 c6 5. Bg2 d5 6. cxd5 cxd5 7. Nc3 0-0 8. 0-0 Ne4 9. Nd2 Nf6 10. Nf3 Ne4 11. Nd2 Nf6 12. Nf3 Ne4 13. Nd2 1/2-1/2

[Event "HUN-chT 1920"]
[Site "Hungary"]
[Date "2019.11.17"]
[Round "2.2"]
[White "Kravtsiv, Martyn"]
[Black "Sulypa, Oleksandr"]
[Result "1/2-1/2"]
[WhiteElo "2635"]
[BlackElo "2466"]
[PlyCount "61"]
[EventDate "2019.11.16"]
[EventType "team-tourn"]
[EventRounds "9"]
[EventCountry "HUN"]
[SourceTitle "CBM 193 Extra"]
[Source "ChessBase"]
[SourceDate "2020.01.31"]
[SourceVersion "1"]
[SourceVersionDate "2020.01.31"]
[SourceQuality "1"]
[WhiteTeam "DVTK"]
[BlackTeam "Budapest MTK"]
[WhiteTeamCountry "HUN"]
[BlackTeamCountry "HUN"]

1. e4 c5 2. Nf3 e6 3. d4 cxd4 4. Nxd4 Nc6 5. Nc3 Qc7 6. Be2 Nf6 7. Be3 Be7 8. f4 d6 9. Qd2 0-0 10. Ndb5 Qb8 11. 0-0-0 Rd8 12. g4 d5 13. e5 Nd7 14. g5 a6 15. Nd4 Nxd4 16. Bxd4 b5 17. Qe3 Bb7 18. Bd3 b4 19. Na4 Bc6 20. Nb6 Nxb6 21. Bxb6 Rc8 22. Bd4 Bb5 23. Kb1 Qc7 24. h4 Bc5 25. Rh2 Qb6 26. Bxc5 Qxc5 27. Qxc5 Rxc5 28. Bxb5 Rxb5 29. b3 Rc8 30. Kb2 Rc3 31. Rd4 1/2-1/2

[Event "ISL-chT1 1920"]
[Site "Reykjavik"]
[Date "2019.10.05"]
[Round "4.1"]
[White "Ragnarsson, Dagur"]
[Black "Sulypa, Oleksandr"]
[Result "1/2-1/2"]
[WhiteElo "2388"]
[BlackElo "2484"]
[PlyCount "31"]
[EventDate "2019.10.03"]
[EventType "team-tourn"]
[EventRounds "9"]
[EventCountry "ISL"]
[SourceTitle "CBM 195 Extra"]
[Source "ChessBase"]
[SourceDate "2020.05.31"]
[SourceVersion "1"]
[SourceVersionDate "2020.05.31"]
[SourceQuality "1"]
[WhiteTeam "Skakdeild Fjolnis"]
[BlackTeam "Taflfelag Reykjavikur"]
[WhiteTeamCountry "ISL"]
[BlackTeamCountry "ISL"]

1. d4 d5 2. c4 c6 3. Nf3 Nf6 4. Nc3 e6 5. Bg5 h6 6. Bxf6 Qxf6 7. e3 Nd7 8. Bd3 g6 9. 0-0 dxc4 10. Bxc4 Bg7 11. e4 e5 12. d5 Nb6 13. Bb3 Bg4 14. Re1 0-0 15. Re3 Rad8 16. h3 1/2-1/2

[Event "ISL-chT1 1819"]
[Site "Reykjavik"]
[Date "2019.03.02"]
[Round "9.2"]
[White "Sulypa, Oleksandr"]
[Black "Hansen, Soren Bech"]
[Result "1-0"]
[WhiteElo "2481"]
[BlackElo "2261"]
[PlyCount "57"]
[EventDate "2018.11.08"]
[EventType "team-tourn"]
[EventRounds "9"]
[EventCountry "ISL"]
[SourceTitle "CBM 189 Extra"]
[Source "ChessBase"]
[SourceDate "2019.06.03"]
[SourceVersion "1"]
[SourceVersionDate "2019.06.03"]
[SourceQuality "1"]
[WhiteTeam "Taflfelag Reykjavikur"]
[BlackTeam "Skakdeild KR"]
[WhiteTeamCountry "ISL"]
[BlackTeamCountry "ISL"]

1. Nf3 f5 2. b3 d6 3. d4 Nf6 4. Bb2 g6 5. g3 Bg7 6. Bg2 0-0 7. 0-0 c6 8. Nbd2 Na6 9. c4 Qe8 10. Re1 Ne4 11. Nxe4 fxe4 12. Nd2 d5 13. f3 e5 14. cxd5 cxd5 15. fxe4 exd4 16. exd5 Bg4 17. Nf3 Qe3+ 18. Kh1 Rae8 19. Bxd4 Bxd4 20. Nxd4 Nc5 21. Nc2 Qc3 22. Rc1 Ne4 23. Qd4 Nf2+ 24. Kg1 Qa5 25. Bf3 Nh3+ 26. Kg2 Bxf3+ 27. exf3 Ng5 28. f4 Ne4 29. b4 1-0

[Event "EU-Cup 34th"]
[Site "Porto Carras"]
[Date "2018.10.16"]
[Round "5.3"]
[White "Sulypa, Oleksandr"]
[Black "Djurhuus, Rune"]
[Result "0-1"]
[WhiteElo "2487"]
[BlackElo "2439"]
[PlyCount "72"]
[EventDate "2018.10.12"]
[EventType "team-swiss"]
[EventRounds "7"]
[EventCountry "GRE"]
[SourceTitle "CBM 187"]
[Source "ChessBase"]
[SourceDate "2018.12.11"]
[SourceVersion "1"]
[SourceVersionDate "2018.12.11"]
[SourceQuality "1"]
[WhiteTeam "Reykjavik"]
[BlackTeam "Nordstrand"]
[WhiteTeamCountry "ISL"]
[BlackTeamCountry "NOR"]

1. d4 Nf6 2. c4 g6 3. Nc3 Bg7 4. g3 0-0 5. Bg2 d6 6. Nf3 c5 7. dxc5 dxc5 8. 0-0 Nc6 9. Bf4 Be6 10. Ne5 Na5 11. Qe1 Ne8 12. Rd1 Nd6 13. Nd5 Bxe5 14. Bxe5 Naxc4 15. Bf4 Nxb2 16. Rc1 Nbc4 17. Qc3 f6 18. h4 Rc8 19. Rfd1 b5 20. Bh6 Re8 21. Nf4 Bf7 22. Bh3 e6 23. g4 e5 24. Ng2 Qe7 25. Qf3 a5 26. e4 Be6 27. Qe2 Nf7 28. Be3 Red8 29. f4 Rxd1+ 30. Rxd1 Nxe3 31. Qxe3 b4 32. f5 Bxa2 33. g5 Rd8 34. Rd2 Rxd2 35. Qxd2 b3 36. fxg6 hxg6 0-1

[Event "EU-Cup 34th"]
[Site "Porto Carras"]
[Date "2018.10.14"]
[Round "3.3"]
[White "Safarli, Eltaj"]
[Black "Sulypa, Oleksandr"]
[Result "1-0"]
[WhiteElo "2676"]
[BlackElo "2487"]
[PlyCount "61"]
[EventDate "2018.10.12"]
[EventType "team-swiss"]
[EventRounds "7"]
[EventCountry "GRE"]
[SourceTitle "CBM 187"]
[Source "ChessBase"]
[SourceDate "2018.12.11"]
[SourceVersion "1"]
[SourceVersionDate "2018.12.11"]
[SourceQuality "1"]
[WhiteTeam "Odlar Yurdu"]
[BlackTeam "Reykjavik"]
[WhiteTeamCountry "AZE"]
[BlackTeamCountry "ISL"]

1. e4 c5 2. Nf3 Nc6 3. Bb5 g6 4. Bxc6 bxc6 5. d4 Bg7 6. dxc5 Qa5+ 7. Nbd2 Qxc5 8. 0-0 Nh6 9. e5 Ng4 10. Nb3 Qd5 11. Bf4 Qxd1 12. Raxd1 f6 13. exf6 Nxf6 14. Rfe1 0-0 15. Rxe7 Nd5 16. Rxg7+ Kxg7 17. Bd6 Re8 18. Nc5 a5 19. c4 Nb4 20. Be5+ Kf8 21. a3 Na6 22. Ne4 d5 23. Nf6 Rd8 24. Nxh7+ Kg8 25. Nf6+ Kf8 26. Rd4 c5 27. Rh4 dxc4 28. h3 Be6 29. Ng5 Bg8 30. Nxg8 Rd5 31. Nf6 1-0

[Event "EU-Cup 34th"]
[Site "Porto Carras"]
[Date "2018.10.12"]
[Round "1.3"]
[White "Sulypa, Oleksandr"]
[Black "Gnichtel, Gerd"]
[Result "1-0"]
[WhiteElo "2487"]
[BlackElo "2125"]
[PlyCount "67"]
[EventDate "2018.10.12"]
[EventType "team-swiss"]
[EventRounds "7"]
[EventCountry "GRE"]
[SourceTitle "CBM 187"]
[Source "ChessBase"]
[SourceDate "2018.12.11"]
[SourceVersion "1"]
[SourceVersionDate "2018.12.11"]
[SourceQuality "1"]
[WhiteTeam "Reykjavik"]
[BlackTeam "Echternach Sprenger"]
[WhiteTeamCountry "ISL"]
[BlackTeamCountry "LUX"]

1. e4 c5 2. Nf3 Nc6 3. Nc3 e5 4. Bc4 Be7 5. d3 Nf6 6. h3 d6 7. a3 a6 8. 0-0 0-0 9. Rb1 b5 10. Ba2 Be6 11. Nd5 c4 12. dxc4 Nxe4 13. Re1 Nf6 14. Qd3 Bxd5 15. cxd5 Na5 16. Nd2 Qc7 17. b4 Nb7 18. Bb3 Rfc8 19. c4 Qb6 20. Bb2 Nh5 21. Qf3 Nf4 22. h4 a5 23. g3 Ng6 24. h5 Nf8 25. h6 axb4 26. hxg7 Ng6 27. axb4 bxc4 28. Bxc4 Rc7 29. b5 Rac8 30. Bd3 Nc5 31. Bf5 Ra8 32. Kg2 Bf6 33. Bxg6 Bxg7 34. Bf5 1-0

[Event "Rubinstein Memorial 49th"]
[Site "Polanica Zdroj"]
[Date "2013.08.23"]
[Round "7"]
[White "Mista, Aleksander"]
[Black "Sulypa, Oleksandr"]
[Result "1-0"]
[WhiteElo "2576"]
[BlackElo "2483"]
[PlyCount "95"]
[EventDate "2013.08.17"]
[EventType "tourn"]
[EventRounds "9"]
[EventCountry "POL"]
[EventCategory "11"]
[SourceTitle "CBM 156 Extra"]
[Source "ChessBase"]
[SourceDate "2013.10.22"]
[SourceVersion "1"]
[SourceVersionDate "2013.10.22"]
[SourceQuality "1"]

1. Nf3 c5 2. e4 d6 3. d4 cxd4 4. Nxd4 Nf6 5. Nc3 a6 6. Be2 e5 7. Nb3 Be7 8. 0-0 0-0 9. Re1 Qc7 10. Bf3 b5 11. Bd2 Nbd7 12. a4 b4 13. Na2 a5 14. c3 bxc3 15. Nxc3 Nc5 16. Nb5 Qb6 17. Nxc5 dxc5 18. Bc3 Qb8 19. Qc2 c4 20. b3 cxb3 21. Qb2 Nd7 22. Be2 Kh8 23. Bc4 f6 24. Qxb3 Nc5 25. Qa2 Bb7 26. f3 Rd8 27. Red1 Bc6 28. Bd5 Qb6 29. Kh1 Nxa4 30. Qxa4 Bxb5 31. Qa2 Bc6 32. Bxa5 Qb5 33. Bxd8 Rxa2 34. Bxa2 Bc5 35. Rab1 Qe2 36. Be6 h5 37. Rdc1 Qd3 38. Rb8 Kh7 39. Bf5+ Kh6 40. h4 Ba7 41. Bxf6 gxf6 42. Rh8+ Kg7 43. Rh7+ Kf8 44. Rxa7 Qe3 45. Raa1 Be8 46. Kh2 Bf7 47. Rc7 Kg7 48. Be6 1-0

[Event "Rubinstein Memorial 49th"]
[Site "Polanica Zdroj"]
[Date "2013.08.20"]
[Round "4"]
[White "Sulypa, Oleksandr"]
[Black "Nasuta, Grzegorz"]
[Result "1-0"]
[WhiteElo "2483"]
[BlackElo "2341"]
[PlyCount "63"]
[EventDate "2013.08.17"]
[EventType "tourn"]
[EventRounds "9"]
[EventCountry "POL"]
[EventCategory "11"]
[SourceTitle "CBM 156 Extra"]
[Source "ChessBase"]
[SourceDate "2013.10.22"]
[SourceVersion "1"]
[SourceVersionDate "2013.10.22"]
[SourceQuality "1"]

1. d4 Nf6 2. c4 g6 3. Nc3 d5 4. Qb3 dxc4 5. Qxc4 Bg7 6. e4 0-0 7. Be2 Nfd7 8. Be3 Nb6 9. Qd3 Nc6 10. Rd1 e5 11. d5 Nd4 12. Nf3 Nxe2 13. Qxe2 Bd7 14. 0-0 Nc8 15. Nd2 b6 16. f4 Nd6 17. Nc4 Bg4 18. Qxg4 Nxc4 19. Bc1 exf4 20. Qxf4 Qe7 21. Kh1 Rae8 22. Qg3 Nd6 23. Bg5 Nxe4 24. Nxe4 Qxe4 25. Qxc7 Be5 26. Qd7 f6 27. Rde1 Qc4 28. Bh6 Qc7 29. Qxc7 Bxc7 30. Bxf8 Rxe1 31. Rxe1 Kxf8 32. Re6 1-0

[Event "Rubinstein Memorial 49th"]
[Site "Polanica Zdroj"]
[Date "2013.08.19"]
[Round "3"]
[White "Ovsejevitsch, Sergei"]
[Black "Sulypa, Oleksandr"]
[Result "1/2-1/2"]
[WhiteElo "2569"]
[BlackElo "2483"]
[PlyCount "60"]
[EventDate "2013.08.17"]
[EventType "tourn"]
[EventRounds "9"]
[EventCountry "POL"]
[EventCategory "11"]
[SourceTitle "CBM 156 Extra"]
[Source "ChessBase"]
[SourceDate "2013.10.22"]
[SourceVersion "1"]
[SourceVersionDate "2013.10.22"]
[SourceQuality "1"]

1. d4 Nf6 2. c4 g6 3. Nc3 d5 4. cxd5 Nxd5 5. e4 Nxc3 6. bxc3 Bg7 7. Be3 c5 8. Qd2 Qa5 9. Rb1 a6 10. Rc1 e6 11. Nf3 0-0 12. Bh6 cxd4 13. Bxg7 Kxg7 14. cxd4 Qxd2+ 15. Kxd2 Nc6 16. Be2 Bd7 17. Rc3 Rfd8 18. Ke3 Na7 19. Rc7 Rab8 20. Ne5 Be8 21. Rb1 Nb5 22. Bxb5 axb5 23. Rbc1 Ra8 24. Rxb7 Ra3+ 25. Kf4 Rxa2 26. f3 Rxg2 27. Rcc7 g5+ 28. Ke3 Ra8 29. d5 Ra3+ 30. Kd4 Rd2+ 1/2-1/2

[Event "Lublin 5th"]
[Site "Lublin"]
[Date "2013.06.19"]
[Round "5"]
[White "Sulypa, Oleksandr"]
[Black "Romanishin, Oleg M"]
[Result "1/2-1/2"]
[WhiteElo "2508"]
[BlackElo "2503"]
[PlyCount "82"]
[EventDate "2013.06.15"]
[EventType "tourn"]
[EventRounds "9"]
[EventCountry "POL"]
[EventCategory "9"]
[SourceTitle "CBM 155 Extra"]
[Source "ChessBase"]
[SourceDate "2013.08.26"]
[SourceVersion "1"]
[SourceVersionDate "2013.08.26"]
[SourceQuality "1"]

1. Nf3 Nf6 2. c4 e6 3. Nc3 Bb4 4. Qc2 c5 5. a3 Ba5 6. e3 0-0 7. Be2 d6 8. 0-0 e5 9. d4 Bxc3 10. Qxc3 e4 11. Nd2 cxd4 12. exd4 d5 13. b3 Nc6 14. Bb2 Re8 15. Rfe1 Bf5 16. Nf1 Rc8 17. c5 Bg4 18. Bb5 a6 19. Ba4 Bd7 20. b4 Ne7 21. Bc2 Ng6 22. a4 Nh5 23. g3 Nf6 24. Ne3 h6 25. Bc1 Qe7 26. Qb3 Qe6 27. Bd1 Ra8 28. Be2 Ne7 29. Bd2 Qh3 30. Bf1 Qh5 31. Qd1 Qg6 32. b5 axb5 33. axb5 Nf5 34. Nxf5 Bxf5 35. h3 h5 36. Kh2 h4 37. Re3 Bd7 38. Rxa8 Rxa8 39. Qb1 Qf5 40. Kg1 hxg3 41. fxg3 Nh7 1/2-1/2

[Event "Lublin 5th"]
[Site "Lublin"]
[Date "2013.06.16"]
[Round "2"]
[White "Duda, Jan Krzysztof"]
[Black "Sulypa, Oleksandr"]
[Result "1/2-1/2"]
[WhiteElo "2539"]
[BlackElo "2508"]
[PlyCount "144"]
[EventDate "2013.06.15"]
[EventType "tourn"]
[EventRounds "9"]
[EventCountry "POL"]
[EventCategory "9"]
[SourceTitle "CBM 155 Extra"]
[Source "ChessBase"]
[SourceDate "2013.08.26"]
[SourceVersion "1"]
[SourceVersionDate "2013.08.26"]
[SourceQuality "1"]

1. e4 e5 2. Nf3 Nc6 3. Bb5 a6 4. Ba4 Nf6 5. d3 b5 6. Bb3 Be7 7. 0-0 Bb7 8. Re1 0-0 9. Nbd2 Re8 10. a4 Bf8 11. c3 h6 12. Qe2 Na5 13. Ba2 c5 14. Nb3 Nc6 15. Be3 d6 16. Nbd2 Na5 17. Nh4 d5 18. exd5 Bxd5 19. Nf5 b4 20. cxb4 cxb4 21. Nc4 Rb8 22. Nxa5 Qxa5 23. Bc4 Rbd8 24. Ng3 Bxc4 25. dxc4 b3 26. Rec1 Bc5 27. Rc3 Rb8 28. Nf5 Bd4 29. Rd3 Bxe3 30. Rxe3 e4 31. Nd4 Rec8 32. Nxb3 Qc7 33. Rc1 Rb4 34. h3 Rxa4 35. Nd2 Ra2 36. Nxe4 Nxe4 37. Rxe4 Qc6 38. Re1 a5 39. Qc2 Rb8 40. Qc3 Raxb2 41. Qxa5 Rc2 42. Qe5 Rc8 43. Qf4 h5 44. Rd4 Qc5 45. Re5 Qa3 46. Qf5 Qc1+ 47. Kh2 Rf8 48. Re7 Qb2 49. Rxf7 Qb8+ 50. Qf4 Qxf4+ 51. Rfxf4 Rxf2 52. Rxf2 Rxf2 53. Kg3 Rc2 54. Rf4 g6 55. h4 Kg7 56. Kf3 g5 57. hxg5 Kg6 58. Rd4 Kxg5 59. Rd5+ Kg6 60. Rc5 h4 61. Rc8 Kf5 62. Rc5+ Kf6 63. g4 hxg3 64. Kxg3 Ke6 65. Kf4 Kd6 66. Rc8 Kd7 67. Rc5 Kd6 68. Rd5+ Kc6 69. Rd4 Kc5 70. Ke5 Re2+ 71. Re4 Rxe4+ 72. Kxe4 Kxc4 1/2-1/2

[Event "Lublin 5th"]
[Site "Lublin"]
[Date "2013.06.15"]
[Round "1"]
[White "Sulypa, Oleksandr"]
[Black "Semcesen, Daniel"]
[Result "1/2-1/2"]
[WhiteElo "2508"]
[BlackElo "2431"]
[PlyCount "81"]
[EventDate "2013.06.15"]
[EventType "tourn"]
[EventRounds "9"]
[EventCountry "POL"]
[EventCategory "9"]
[SourceTitle "CBM 155 Extra"]
[Source "ChessBase"]
[SourceDate "2013.08.26"]
[SourceVersion "1"]
[SourceVersionDate "2013.08.26"]
[SourceQuality "1"]

1. d4 d5 2. c4 c6 3. Nf3 Nf6 4. Nc3 a6 5. g3 Bf5 6. Bg2 h6 7. Qb3 Ra7 8. cxd5 cxd5 9. Ne5 e6 10. Bf4 Nbd7 11. 0-0 Be7 12. Rac1 0-0 13. Rfd1 Bh7 14. Nxd7 Qxd7 15. Na4 b5 16. Nc5 Qd8 17. a4 bxa4 18. Qxa4 Qb6 19. b3 a5 20. Ra1 Rfa8 21. Rdc1 Bg6 22. Bd2 Bd6 23. Ra2 Kh7 24. e3 e5 25. Bf1 Bf5 26. dxe5 Bxe5 27. Bd3 Bxd3 28. Nxd3 Qb8 29. Nxe5 Qxe5 30. Bc3 Qf5 31. Bd4 Ra6 32. Qb5 Ne4 33. Qe2 Ng5 34. Kg2 Qh3+ 35. Kg1 Qf5 36. Kg2 Qh3+ 37. Kg1 Qf5 38. Kg2 Qh3+ 39. Kg1 Qf5 40. Kg2 Qh3+ 41. Kg1 1/2-1/2

[Event "Legnica Voivoda Cup 28th"]
[Site "Legnica"]
[Date "2012.11.27"]
[Round "8"]
[White "Mista, Aleksander"]
[Black "Sulypa, Oleksandr"]
[Result "1/2-1/2"]
[WhiteElo "2562"]
[BlackElo "2510"]
[PlyCount "97"]
[EventDate "2012.11.22"]
[EventType "tourn"]
[EventRounds "9"]
[EventCountry "POL"]
[EventCategory "9"]
[SourceTitle "CBM 151 Extra"]
[Source "ChessBase"]
[SourceDate "2012.12.18"]
[SourceVersion "1"]
[SourceVersionDate "2012.12.18"]
[SourceQuality "1"]

1. c4 e6 2. g3 d5 3. Bg2 dxc4 4. Na3 c5 5. Nxc4 Be7 6. Nf3 Nc6 7. 0-0 Nf6 8. b3 0-0 9. Bb2 Qc7 10. Rc1 b6 11. d4 Rd8 12. Qe1 Bb7 13. dxc5 bxc5 14. Nfe5 Nb4 15. Bxb7 Qxb7 16. a3 Nc6 17. Nxc6 Qxc6 18. Qc3 Qe4 19. Ne3 Ne8 20. Rfd1 Bf6 21. Qc4 Bd4 22. Qa4 Nf6 23. Rc4 e5 24. Qa5 h5 25. Rxc5 Ng4 26. Bxd4 Nxe3 27. fxe3 exd4 28. Re5 Qg4 29. exd4 Rxd4 30. Rxd4 Qxd4+ 31. Kg2 Rd8 32. Rxh5 Qe4+ 33. Kh3 Qe6+ 34. Qf5 Qxe2 35. Rh4 Qd3 36. Qxd3 Rxd3 37. Rb4 a5 38. Rb8+ Kh7 39. a4 f5 40. Rb5 Kg6 41. Kg2 Kg5 42. Kf2 Kg4 43. b4 Rd2+ 44. Ke3 Rxh2 45. bxa5 g5 46. a6 Rh7 47. Rb7 Rh6 48. a7 Ra6 49. Kf2 1/2-1/2

[Event "Legnica Voivoda Cup 28th"]
[Site "Legnica"]
[Date "2012.11.25"]
[Round "5"]
[White "Sulypa, Oleksandr"]
[Black "Bures, Jaroslav"]
[Result "1/2-1/2"]
[WhiteElo "2510"]
[BlackElo "2397"]
[PlyCount "131"]
[EventDate "2012.11.22"]
[EventType "tourn"]
[EventRounds "9"]
[EventCountry "POL"]
[EventCategory "9"]
[SourceTitle "CBM 151 Extra"]
[Source "ChessBase"]
[SourceDate "2012.12.18"]
[SourceVersion "1"]
[SourceVersionDate "2012.12.18"]
[SourceQuality "1"]

1. d4 Nf6 2. Nf3 g6 3. c4 Bg7 4. Nc3 d5 5. cxd5 Nxd5 6. e4 Nxc3 7. bxc3 c5 8. Be3 Qa5 9. Qd2 Nc6 10. Rb1 a6 11. Rc1 cxd4 12. cxd4 Qxd2+ 13. Kxd2 f5 14. e5 Be6 15. Bc4 Bxc4 16. Rxc4 Rd8 17. Kc3 0-0 18. Rb1 Rc8 19. Kd3 b5 20. Rc5 Na5 21. a4 Rxc5 22. dxc5 Rd8+ 23. Kc3 Nc6 24. axb5 Nxe5 25. b6 Nxf3+ 26. Kb4 Ne5 27. Ka5 Nc6+ 28. Kxa6 Be5 29. Kb5 Rc8 30. Ka6 Rd8 31. f4 Bb8 32. Kb5 Rc8 33. Ra1 Kf7 34. Ka6 Nd8 35. Kb5 Ke8 36. Rc1 Rc6 37. g3 h5 38. Bd4 Kd7 39. Rd1 Kc8 40. Bc3 Re6 41. Ka6 Re3 42. Ba5 Re6 43. Kb5 Nc6 44. Bc3 h4 45. Rd2 h3 46. Ka6 Nd8 47. Kb5 g5 48. fxg5 f4 49. gxf4 Bxf4 50. Rd3 Bxg5 51. Rxh3 Be3 52. Rh8 Kd7 53. Rh5 Rh6 54. Rd5+ Kc8 55. Be5 Nc6 56. Bg3 e5 57. Bxe5 Nxe5 58. Rxe5 Bxc5 59. Rxc5+ Kb7 60. Rc7+ Kb8 61. Rc2 Kb7 62. Rd2 Rxb6+ 63. Kc5 Kc7 64. Rg2 Rh6 65. Kd5 Kd7 66. Ke5 1/2-1/2

[Event "Legnica Voivoda Cup 28th"]
[Site "Legnica"]
[Date "2012.11.23"]
[Round "2"]
[White "Dragun, Kamil"]
[Black "Sulypa, Oleksandr"]
[Result "1-0"]
[WhiteElo "2461"]
[BlackElo "2510"]
[PlyCount "77"]
[EventDate "2012.11.22"]
[EventType "tourn"]
[EventRounds "9"]
[EventCountry "POL"]
[EventCategory "9"]
[SourceTitle "CBM 151 Extra"]
[Source "ChessBase"]
[SourceDate "2012.12.18"]
[SourceVersion "1"]
[SourceVersionDate "2012.12.18"]
[SourceQuality "1"]

1. e4 c5 2. Nf3 e6 3. d4 cxd4 4. Nxd4 Nf6 5. Bd3 Nc6 6. Nxc6 bxc6 7. Nd2 d5 8. 0-0 Qc7 9. f4 Bb7 10. Qe2 Rd8 11. b3 Bc5+ 12. Kh1 Bd4 13. Rb1 dxe4 14. Nxe4 Nxe4 15. Qxe4 c5 16. Bb5+ Ke7 17. Qe2 g6 18. b4 Rd5 19. Bc4 Rh5 20. Bd2 Rc8 21. b5 Rd8 22. Rb3 Kf8 23. a4 Rd6 24. a5 Qd8 25. Be1 Bf6 26. Rd3 Bd5 27. Bxd5 Rhxd5 28. Rxd5 Rxd5 29. c4 Rd7 30. Bf2 Bd4 31. Bxd4 Rxd4 32. Ra1 Kg8 33. h3 Rxf4 34. b6 axb6 35. a6 Qa8 36. a7 Rd4 37. Qe5 Rd8 38. Qc7 Kg7 39. Qxd8 1-0